000 01299nam a2200253Ia 4500
999 _c37664
_d37664
001 3636
003 GE_BSU
005 20190520175907.0
008 181216s1985||||ge |||||||||||||| ||geo||
040 _cGE_BSU
041 _ageo
080 _a528.48(075.8):622.1 თ–40
100 _aთევზაძე,ნ.
_91425
245 _aსაინჟინრო გეოდეზია : 10 ნაწილად. ნაწ. 5: განაზომთა ალბათობის თეორია და მათემატიკური სტატისტიკა /
_cნიკოლოზ. თევზაძე, ; რედ : პ.ლაბარტყავა.
250 _aმეორე გამოცემა.
264 _aთბილისი :
_bგანათლება,
_c1985.
300 _a422 გვ .:
_c26 სმ.
500 _aდან.:გვ. 408-421
504 _aბიბლიოგრ.:გვ.422გვ.
653 _aგანაზომთა ალბათობის თეორია და მათემატიკური სტატისტიკ.
653 _aსაინჟინრო გეოდეზია
700 _aლაბარტყავა, პ
_eრედაქტორი
_9523
942 _cBK
_2udc